Tifʼeret Shelomoh ʻal ha-zemanim u-moʻadim. (Record no. 32285)

MARC details
000 -LEADER
fixed length control field 00747cam a22002411 4500
001 - CONTROL NUMBER
control field he 67000655
003 - CONTROL NUMBER IDENTIFIER
control field DLC
005 - DATE AND TIME OF LATEST TRANSACTION
control field 20260227111445.0
008 - FIXED-LENGTH DATA ELEMENTS--GENERAL INFORMATION
fixed length control field 840424q19621963is 000 0 heb
010 ## - LIBRARY OF CONGRESS CONTROL NUMBER
LC control number he 67000655
035 ## - SYSTEM CONTROL NUMBER
System control number (OCoLC)19162925
040 ## - CATALOGING SOURCE
Original cataloging agency DLC
Transcribing agency MH
Modifying agency DLC
042 ## - AUTHENTICATION CODE
Authentication code premarc
050 00 - LIBRARY OF CONGRESS CALL NUMBER
Classification number BM745
Item number .S6 1867
100 1# - MAIN ENTRY--PERSONAL NAME
Personal name Rabinowich, Solomon,
Titles and words associated with a name ha-Kohen,
Dates associated with a name 1803-1866.
245 10 - TITLE STATEMENT
Title Tifʼeret Shelomoh ʻal ha-zemanim u-moʻadim.
260 ## - PUBLICATION, DISTRIBUTION, ETC.
Place of publication, distribution, etc. Tel Aviv :
Name of publisher, distributor, etc. ha-Ḳeren le-hadpasat ha-sefarim shel Admore Radomsḳ,
Date of publication, distribution, etc. 723 [1962 or 1963]
300 ## - PHYSICAL DESCRIPTION
Extent 156 leaves ;
Dimensions 28 cm.
500 ## - GENERAL NOTE
General note Photo/offset of Warsaw, 1867 ed.
650 #0 - SUBJECT ADDED ENTRY--TOPICAL TERM
Topical term or geographic name entry element Jewish festival-day sermons.
752 ## - ADDED ENTRY--HIERARCHICAL PLACE NAME
Country or larger entity Israel
City Tel Aviv
752 ## - ADDED ENTRY--HIERARCHICAL PLACE NAME
Country or larger entity Poland
City Warsaw

No items available.

Powered by Koha